Le luxe français. (Record no. 22734)

MARC details
000 -LEADER
fixed length control field 00899cam a22002411 4500
001 - CONTROL NUMBER
control field f 01002159
003 - CONTROL NUMBER IDENTIFIER
control field DLC
005 - DATE AND TIME OF LATEST TRANSACTION
control field 20260227111242.0
008 - FIXED-LENGTH DATA ELEMENTS--GENERAL INFORMATION
fixed length control field 850410s1892 fr acf 000 0 fre
010 ## - LIBRARY OF CONGRESS CONTROL NUMBER
LC control number f 01002159
035 ## - SYSTEM CONTROL NUMBER
System control number (OCoLC)23429566
040 ## - CATALOGING SOURCE
Original cataloging agency DLC
Transcribing agency MiU
Modifying agency DLC
042 ## - AUTHENTICATION CODE
Authentication code premarc
050 00 - LIBRARY OF CONGRESS CALL NUMBER
Classification number DC33.5
Item number .B6
051 ## - LIBRARY OF CONGRESS COPY, ISSUE, OFFPRINT STATEMENT
Classification number DC33.5
Item number .B6
Copy information Copy 2. No. 741
100 1# - MAIN ENTRY--PERSONAL NAME
Personal name Bouchot, Henri Francois Xavier Marie,
Dates associated with a name 1849-1906.
245 13 - TITLE STATEMENT
Title Le luxe français.
Remainder of title L'empire,
Statement of responsibility, etc. par Henri Bouchot; illustration documentaire d'après les originaux de l'époque.
260 ## - PUBLICATION, DISTRIBUTION, ETC.
Place of publication, distribution, etc. Paris,
Name of publisher, distributor, etc. Librairie illustré
Date of publication, distribution, etc. [1892]
300 ## - PHYSICAL DESCRIPTION
Extent 3 p. l., iii, 214 p., 1 l.
Other physical details front., illus., plates (partly col.) ports.
Dimensions 30 cm.
500 ## - GENERAL NOTE
General note No. 844 of an ed. of 1,000 copies on "papier vélin."
651 #0 - SUBJECT ADDED ENTRY--GEOGRAPHIC NAME
Geographic name France
General subdivision Social life and customs
651 #0 - SUBJECT ADDED ENTRY--GEOGRAPHIC NAME
Geographic name France
General subdivision History
Chronological subdivision Consulate and First Empire, 1799-1815

No items available.

Powered by Koha